| 000 | 00407nam a2200133Ia 4500 | ||
|---|---|---|---|
| 008 | 220217s9999||||xx |||||||||||||| ||und|| | ||
| 020 | _a81-7992-470-X | ||
| 082 | _a410 BOD | ||
| 100 |
_aBobick, James, E. and Balaban, Naomi, E _95963 |
||
| 245 | 0 | _aHandy science and technology GK hand book | |
| 260 |
_aJaico publishing house _bNew Delhi _c2007 |
||
| 300 | _b395 | ||
| 650 |
_aGENERAL KNOWLEDGE _93314 |
||
| 999 |
_c177207 _d177207 |
||